[Event "2nd Kolkata GM Open 2015"]
[Site "Kolkata IND"]
[Date "2015.03.16"]
[Round "1.1"]
[White "Short, Nigel D"]
[Black "Murali Krishnan, B.T."]
[Result "1-0"]
[WhiteTitle "GM"]
[BlackTitle "IM"]
[WhiteElo "2664"]
[BlackElo "2274"]
[WhiteFideId "400025"]
[BlackFideId "5004977"]
[EventDate "2015.03.16"]

1. c4 e6 2. g3 d5 3. Bg2 Nf6 4. Nf3 d4 5. O-O c5 6. e3 Nc6 7. exd4 cxd4 8. d3
Be7 9. Re1 O-O 10. Nbd2 Nd7 11. a3 a5 12. Rb1 Rb8 13. Qc2 b6 14. Nf1 Ba6 15. Bd2
Rc8 16. b4 b5 17. h4 Re8 18. N1h2 Bd6 19. c5 Bf8 20. Ng4 Qc7 21. Qb3 a4 22. Qa2
Bb7 23. Bf4 e5 24. Nfxe5 Ncxe5 25. Nxe5 Nxe5 26. Rxe5 Rxe5 27. Bxe5 Qxe5 28.
Bxb7 Rd8 29. Bc6 Rb8 30. Kf1 g5 31. hxg5 Qxg5 32. Re1 h5 33. Re4 Bg7 34. Kg2 Qg6
35. Bd5 Rf8 36. Qe2 Bf6 37. Rf4 Kg7 38. Be4 Qh6 39. Rf5 Rh8 40. c6 Bd8 41. Qf3 1-0

[Event "2nd Kolkata GM Open 2015"]
[Site "Kolkata IND"]
[Date "2015.03.16"]
[Round "1.2"]
[White "Pratyusha, Bodda"]
[Black "Kokarev, Dmitry"]
[Result "0-1"]
[BlackTitle "GM"]
[WhiteElo "2270"]
[BlackElo "2638"]
[WhiteFideId "5000629"]
[BlackFideId "4132181"]
[EventDate "2015.03.16"]

1. d4 Nf6 2. c4 g6 3. Nc3 Bg7 4. e4 O-O 5. Be2 d6 6. Nf3 c6 7. O-O e5 8. d5 Na6
9. Ne1 cxd5 10. cxd5 Nc5 11. f3 a6 12. Be3 Nh5 13. b4 Nd7 14. Nd3 Nf4 15. Qd2
Nxe2+ 16. Qxe2 f5 17. Nb2 Nf6 18. Nc4 b5 19. Nb6 Rb8 20. Nxc8 Rxc8 21. Rac1 Qd7
22. a4 fxe4 23. fxe4 bxa4 24. Qxa6 Ng4 25. Rxf8+ Rxf8 26. Qe2 a3 27. h3 Nxe3 28.
Qxe3 Qe7 29. Rf1 Bh6 30. Rxf8+ Qxf8 31. Qf2 Qc8 32. Qf3 Bd2 33. Na2 Qc2 34. Qg4
Qb1+ 0-1

[Event "2nd Kolkata GM Open 2015"]
[Site "Kolkata IND"]
[Date "2015.03.16"]
[Round "1.3"]
[White "Quesada Perez, Yuniesky"]
[Black "Rajdeep, Sarkar"]
[Result "1/2-1/2"]
[WhiteTitle "GM"]
[WhiteElo "2637"]
[BlackElo "2268"]
[WhiteFideId "3504409"]
[BlackFideId "25007963"]
[EventDate "2015.03.16"]

1. e4 e5 2. Nf3 Nc6 3. Bb5 g6 4. d4 exd4 5. Bg5 Be7 6. Bxe7 Qxe7 7. Bxc6 dxc6 8.
Qxd4 Nf6 9. Nc3 Bg4 10. Nd2 c5 11. Qe3 O-O-O 12. h3 Bd7 13. O-O-O Bc6 14. f3
Rhe8 15. Nc4 b6 16. Rxd8+ Rxd8 17. Qg5 Nd5 18. Qxe7 Nxe7 19. Ne5 Be8 20. Ng4 Nc6
21. Nf6 h5 22. Ncd5 h4 23. Rd1 Bd7 24. Nf4 Be6 25. Nxe6 fxe6 26. Rxd8+ Kxd8 27.
f4 e5 28. Nd5 exf4 29. Nxf4 Ne5 30. Kd2 Ke7 31. Ke2 c6 32. Nd3 Nf7 33. Kf3 c4
34. Nf2 Kf6 35. Ng4+ Kg5 36. Ke3 c5 37. a4 a6 38. c3 b5 39. a5 Nd8 40. Ne5 Nb7
41. Nd7 b4 42. Nb8 bxc3 43. bxc3 Nxa5 44. Nxa6 Nb7 45. Nc7 Kf6 46. Nb5 Ke5 47.
Kf3 Nd6 48. Nxd6 Kxd6 49. g3 hxg3 50. Kxg3 g5 51. Kg4 Ke5 52. Kxg5 Kxe4 53. h4
Kd3 54. h5 Kxc3 55. h6 Kd2 56. h7 c3 57. h8=Q c2 58. Qb2 Kd1 59. Qb3 Kd2 60. Qa2
Kd1 61. Qd5+ Kc1 62. Kf4 Kb2 63. Qe5+ Kb1 64. Qe4 Kb2 65. Qe2 Kb1 66. Qb5+ Ka2
67. Qa4+ Kb2 68. Qb5+ Ka2 69. Qc4+ Kb2 70. Qe2 Kb1 71. Qd3 Kb2 72. Qd2 Kb1 73.
Qd3 Kb2 74. Qb5+ Ka2 75. Ke4 1/2-1/2

[Event "2nd Kolkata GM Open 2015"]
[Site "Kolkata IND"]
[Date "2015.03.16"]
[Round "1.4"]
[White "Puranik, Abhimanyu"]
[Black "Ortiz Suarez, Isan Reynaldo"]
[Result "1-0"]
[WhiteTitle "CM"]
[BlackTitle "GM"]
[WhiteElo "2264"]
[BlackElo "2625"]
[WhiteFideId "5061245"]
[BlackFideId "3507165"]
[EventDate "2015.03.16"]

1. e4 c5 2. c3 Nf6 3. e5 Nd5 4. d4 cxd4 5. Nf3 e6 6. cxd4 d6 7. Bc4 Be7 8. O-O
O-O 9. Qe2 b6 10. Nc3 Nxc3 11. bxc3 Bb7 12. Bd3 Nd7 13. Bf4 dxe5 14. Nxe5 Rc8
15. c4 Nxe5 16. Bxe5 Bd6 17. Rfd1 Bxe5 18. Qxe5 Qc7 19. Qe3 Rfd8 20. Rac1 g6 21.
h4 Qd6 22. Bf1 Rc7 23. h5 Rcd7 24. Rd3 Qe7 25. Qe5 Qd6 26. Qe3 Qe7 27. Qe5 Qf8
28. Qf4 Qg7 29. h6 Qh8 30. c5 bxc5 31. dxc5 Rxd3 32. Bxd3 Bc6 33. Rb1 Rf8 34.
Qd6 Qc3 35. Rb8 Be8 36. Bf1 Qc1 37. Qe7 1-0

[Event "2nd Kolkata GM Open 2015"]
[Site "Kolkata IND"]
[Date "2015.03.16"]
[Round "1.5"]
[White "Ganguly, Surya Shekhar"]
[Black "Harikrishnan.A.Ra"]
[Result "1-0"]
[WhiteTitle "GM"]
[WhiteElo "2603"]
[BlackElo "2259"]
[WhiteFideId "5002150"]
[BlackFideId "5081483"]
[EventDate "2015.03.16"]

1. e4 e6 2. d4 d5 3. Nc3 Nf6 4. e5 Nfd7 5. f4 c5 6. Nf3 Nc6 7. Be3 a6 8. Qd2 b5
9. dxc5 Bxc5 10. Bd3 d4 11. Nxd4 Nxd4 12. Ne4 Bb7 13. Bxd4 Bxd4 14. Nd6+ Kf8 15.
Nxb7 Qb6 16. Be4 Bxb2 17. Ke2 Bxa1 18. Qxd7 Bb2 19. Nd6 1-0

[Event "2nd Kolkata GM Open 2015"]
[Site "Kolkata IND"]
[Date "2015.03.16"]
[Round "1.6"]
[White "Hemant, Sharma2"]
[Black "Gopal, G.N."]
[Result "0-1"]
[BlackTitle "GM"]
[WhiteElo "2258"]
[BlackElo "2575"]
[WhiteFideId "5025842"]
[BlackFideId "5015693"]
[EventDate "2015.03.16"]

1. e4 c5 2. Nc3 d6 3. g3 Nc6 4. Bg2 g6 5. d3 Bg7 6. Nge2 e6 7. O-O Nge7 8. Bg5
h6 9. Be3 Nd4 10. Qd2 Rb8 11. Rab1 Nec6 12. a3 b6 13. b4 Bb7 14. f4 f5 15. bxc5
dxc5 16. e5 O-O 17. Nd1 Qd7 18. c3 Nxe2+ 19. Qxe2 Ne7 20. Bxb7 Rxb7 21. c4 Nc6
22. Nc3 Rd8 23. Rfd1 Qc8 24. g4 Kh7 25. gxf5 gxf5 26. Kf2 Qd7 27. Rd2 Qf7 28.
Qf3 Na5 29. Rg1 Rbd7 30. Ke2 Bf8 31. Rdd1 a6 32. h4 Nb3 33. h5 b5 34. Rg6 bxc4
35. Rf6 Qe8 36. dxc4 Nd4+ 37. Bxd4 cxd4 38. Qc6 Qxh5+ 39. Kf1 Qh3+ 40. Kf2 Qe3+ 0-1

[Event "2nd Kolkata GM Open 2015"]
[Site "Kolkata IND"]
[Date "2015.03.16"]
[Round "1.7"]
[White "Lu, Shanglei"]
[Black "Navalgund, Niranjan"]
[Result "1-0"]
[WhiteTitle "GM"]
[WhiteElo "2570"]
[BlackElo "2252"]
[WhiteFideId "8603332"]
[BlackFideId "5030854"]
[EventDate "2015.03.16"]

1. e4 e5 2. Nf3 Nc6 3. Bb5 a6 4. Ba4 Nf6 5. O-O Be7 6. Re1 b5 7. Bb3 d6 8. c3
O-O 9. h3 Nb8 10. d4 Nbd7 11. c4 c6 12. a3 Qc7 13. Nc3 Rb8 14. Qc2 Re8 15. cxb5
cxb5 16. Be3 Nf8 17. Rac1 Be6 18. Qd1 Bxb3 19. Qxb3 Qb7 20. dxe5 dxe5 21. Nxe5
Bd6 22. Nf3 Nxe4 23. Nxe4 Rxe4 24. Red1 Bf4 25. Bxf4 Rxf4 26. Rd6 Rc8 27. Rcd1
Rfc4 28. Qe3 R4c6 29. R6d3 Re6 30. Qf4 h6 31. Rd8 Rxd8 32. Rxd8 Qe7 33. Qb8 g6
34. b4 Kg7 35. Nd4 Re1+ 36. Kh2 Ne6 37. Rg8+ Kf6 38. Nxe6 Qxe6 39. Qf4+ Qf5 40.
Qxh6 Qe5+ 41. f4 Qe3 1-0

[Event "2nd Kolkata GM Open 2015"]
[Site "Kolkata IND"]
[Date "2015.03.16"]
[Round "1.8"]
[White "Deshmukh, Anup"]
[Black "Kotsur, Pavel"]
[Result "0-1"]
[WhiteTitle "IM"]
[BlackTitle "GM"]
[WhiteElo "2245"]
[BlackElo "2567"]
[WhiteFideId "5000564"]
[BlackFideId "13700278"]
[EventDate "2015.03.16"]

1. c4 e5 2. Nc3 Nf6 3. Nf3 Nc6 4. g3 Bb4 5. Bg2 O-O 6. O-O Re8 7. d3 h6 8. e4 a6
9. h3 d6 10. Be3 Bc5 11. d4 Bb4 12. d5 Nb8 13. Nd2 Bxc3 14. bxc3 Nbd7 15. Qc2 c6
16. a4 a5 17. Rfb1 Qc7 18. Rb2 b6 19. Rab1 Rb8 20. Bf1 Nc5 21. Bxc5 dxc5 22. Rb3
Ba6 23. Qb2 Nd7 24. h4 cxd5 25. cxd5 c4 26. Rb5 Bxb5 27. Qxb5 Nc5 28. Bxc4 Kh8
29. Kg2 Rf8 30. g4 Qe7 31. Rh1 Qf6 32. f3 Qf4 33. Nf1 h5 34. g5 f5 35. exf5 Qxf5
36. Rh3 e4 37. Be2 Qxd5 38. fxe4 Qxe4+ 39. Bf3 Qc2+ 40. Qe2 Qxe2+ 41. Bxe2 Ne6 0-1

[Event "2nd Kolkata GM Open 2015"]
[Site "Kolkata IND"]
[Date "2015.03.16"]
[Round "1.9"]
[White "Sengupta, Deep"]
[Black "Swathi, Ghate"]
[Result "1-0"]
[WhiteTitle "GM"]
[BlackTitle "WGM"]
[WhiteElo "2567"]
[BlackElo "2242"]
[WhiteFideId "5008352"]
[BlackFideId "5003474"]
[EventDate "2015.03.16"]

1. e4 c5 2. Nf3 e6 3. d4 cxd4 4. Nxd4 a6 5. c4 Nf6 6. Nc3 Qc7 7. a3 b6 8. Bd3
Bb7 9. Qe2 d6 10. O-O Be7 11. Be3 Nbd7 12. Rac1 Rc8 13. f3 O-O 14. b4 Rfe8 15.
Kh1 Ne5 16. Na4 Nfd7 17. Rfd1 Nxd3 18. Rxd3 Qb8 19. Rdd1 Bf6 20. Nb3 Bc6 21. Nc3
Ne5 22. Bd4 Bg5 23. Bxe5 dxe5 24. Rb1 Be7 25. c5 bxc5 26. Nxc5 a5 27. Nd3 axb4
28. axb4 Red8 29. b5 Bb7 30. Qb2 Qc7 31. Na4 Rd4 32. Qb3 Rcd8 33. Nab2 Bg5 34.
Ra1 R4d7 35. Nc4 Bf6 36. Rac1 Qb8 37. Nc5 Rxd1+ 38. Rxd1 Rxd1+ 39. Qxd1 Be7 40.
Nxb7 Qxb7 41. Qa4 f6 42. b6 Kf8 43. Qa7 1-0

[Event "2nd Kolkata GM Open 2015"]
[Site "Kolkata IND"]
[Date "2015.03.16"]
[Round "1.10"]
[White "Sahoo, Utkal Ranjan"]
[Black "Stupak, Kirill"]
[Result "1-0"]
[BlackTitle "GM"]
[WhiteElo "2241"]
[BlackElo "2567"]
[WhiteFideId "5034566"]
[BlackFideId "13503758"]
[EventDate "2015.03.16"]

1. d4 g6 2. c4 Bg7 3. Nc3 d6 4. Nf3 e5 5. g3 exd4 6. Nxd4 Ne7 7. Bg2 Nd7 8. O-O
O-O 9. e3 Ne5 10. b3 Bg4 11. f3 Bd7 12. Bb2 a6 13. Qd2 Rb8 14. a4 c5 15. Nde2
Qb6 16. Qc2 Bf5 17. e4 Be6 18. a5 Qc7 19. f4 Ng4 20. Qd2 f5 21. Rfe1 Nc6 22.
exf5 gxf5 23. Nd5 Qf7 24. h3 Bxb2 25. Qxb2 Nf6 26. Nxf6+ Qxf6 27. Qxf6 Rxf6 28.
Red1 Bf7 29. Kf2 Bh5 30. Rd2 Kf8 31. Nc3 Re8 32. Nd5 Rfe6 33. Raa2 Rc8 34. Rdb2
Bf7 35. b4 cxb4 36. Nxb4 Nd8 37. Bd5 Re7 38. Rd2 Rec7 39. Rab2 Rc5 40. Bxf7 Nxf7
41. Nd5 Kg7 42. Rxb7 Rxc4 43. Ne3 R4c5 44. Rxd6 Rxa5 45. Rdd7 Rf8 46. Nc4 Rb5
47. Ra7 Kg6 48. Rxa6+ Kg7 49. Raa7 Kg6 50. Rxf7 1-0

[Event "2nd Kolkata GM Open 2015"]
[Site "Kolkata IND"]
[Date "2015.03.16"]
[Round "1.11"]
[White "Lalith, Babu M.R."]
[Black "Deshpande, Aniruddha"]
[Result "1/2-1/2"]
[WhiteTitle "GM"]
[WhiteElo "2556"]
[BlackElo "2232"]
[WhiteFideId "5024595"]
[BlackFideId "5021774"]
[EventDate "2015.03.16"]

1. d4 d5 2. Nf3 Nf6 3. c4 c6 4. Nc3 a6 5. c5 Nbd7 6. g3 g6 7. Bg2 Bg7 8. O-O O-O
9. Qc2 Re8 10. Rd1 Nf8 11. h3 h5 12. Bf4 Ne6 13. Be5 Nh7 14. Bxg7 Kxg7 15. Qc1
Nf6 16. Na4 Nf8 17. Nb6 Rb8 18. Qf4 Bf5 19. Ne5 N8d7 20. Nbxd7 Nxd7 21. g4 hxg4
22. hxg4 Be6 23. Rd3 Rh8 24. Re3 Nxe5 25. Qxe5+ Kg8 26. f3 Rc8 27. b4 Qc7 28. a4
Qxe5 29. Rxe5 Kg7 30. Kf2 Rb8 31. Rb1 b6 32. cxb6 Rxb6 33. a5 Rb7 34. Re3 Rhb8
35. Reb3 f5 36. g5 f4 37. Bf1 c5 38. dxc5 d4 39. R3b2 Bd7 40. Kg1 Bb5 41. Rc1
Bc6 42. Rcb1 Bb5 43. Rc1 1/2-1/2

[Event "2nd Kolkata GM Open 2015"]
[Site "Kolkata IND"]
[Date "2015.03.16"]
[Round "1.12"]
[White "Kumar, Gaurav"]
[Black "Kovalev, Vladislav"]
[Result "0-1"]
[BlackTitle "GM"]
[WhiteElo "2230"]
[BlackElo "2531"]
[WhiteFideId "5085578"]
[BlackFideId "13504398"]
[EventDate "2015.03.16"]

1. e4 e5 2. Nf3 Nc6 3. Bb5 a6 4. Ba4 Nf6 5. O-O Be7 6. Re1 b5 7. Bb3 O-O 8. a4
Bb7 9. c3 d5 10. d4 dxe4 11. Nxe5 Nxe5 12. dxe5 Nd7 13. Bf4 Nc5 14. Bc2 Nd3 15.
Bxd3 exd3 16. Nd2 f6 17. exf6 Rxf6 18. Bg5 Rg6 19. Bxe7 Rxg2+ 20. Kf1 Rxh2 21.
Nf3 Qd7 0-1

[Event "2nd Kolkata GM Open 2015"]
[Site "Kolkata IND"]
[Date "2015.03.16"]
[Round "1.13"]
[White "Abdulla, Al-Rakib"]
[Black "Abhishek, Das"]
[Result "1-0"]
[WhiteTitle "GM"]
[WhiteElo "2521"]
[BlackElo "2225"]
[WhiteFideId "10200444"]
[BlackFideId "5013348"]
[EventDate "2015.03.16"]

1. d4 d5 2. Nf3 e6 3. e3 c5 4. b3 Nf6 5. Bd3 Bd6 6. Bb2 O-O 7. O-O b6 8. Nbd2
Bb7 9. Ne5 Nc6 10. a3 Ne7 11. Qf3 Rc8 12. Qh3 h6 13. f4 cxd4 14. exd4 Ne4 15.
Ndf3 f5 16. Rae1 Qe8 17. Re2 Ng6 18. g3 Rf6 19. Rg2 Qe7 20. Qh5 Qe8 21. Bc1 Ne7
22. Qh4 Bxe5 23. Nxe5 Ng6 24. Qh3 Nxe5 25. fxe5 Rf7 26. g4 fxg4 27. Qxg4 Kh8 28.
Rf3 Rcc7 29. Rh3 Qf8 30. Be3 Rf5 31. Qg6 Rcf7 32. Rg4 Rf1+ 33. Kg2 R1f2+ 34. Kh1
Re2 35. Rf4 Re1+ 36. Kg2 Re2+ 37. Kf3 1-0

[Event "2nd Kolkata GM Open 2015"]
[Site "Kolkata IND"]
[Date "2015.03.16"]
[Round "1.14"]
[White "Sekar, B"]
[Black "Oral, Tomas"]
[Result "1-0"]
[BlackTitle "GM"]
[WhiteElo "2218"]
[BlackElo "2519"]
[WhiteFideId "5043743"]
[BlackFideId "303739"]
[EventDate "2015.03.16"]

1. e4 c5 2. Nf3 e6 3. d4 cxd4 4. Nxd4 a6 5. Nc3 Qc7 6. Be2 Nf6 7. O-O Be7 8. f4
d6 9. Kh1 O-O 10. Bf3 Nc6 11. g4 Nxd4 12. Qxd4 e5 13. Qg1 exf4 14. g5 Ne8 15.
Nd5 Qd8 16. Bxf4 Be6 17. Nb6 Rb8 18. Rad1 Qc7 19. c4 f6 20. Be3 fxg5 21. Bg4
Bxg4 22. Nd5 Bxd1 23. Nxc7 Bf3+ 24. Rxf3 Rxf3 25. Nd5 Rf7 26. c5 dxc5 27. e5 Bf8
28. Qxg5 Nc7 29. Nf6+ Kh8 30. Qh5 g6 31. Qg4 Bg7 32. Bg5 h6 33. Qh4 Ne6 34. Bxh6
Bxf6 35. Bg5+ Kg8 36. Bxf6 Rh7 37. Qe4 1-0

[Event "2nd Kolkata GM Open 2015"]
[Site "Kolkata IND"]
[Date "2015.03.16"]
[Round "1.15"]
[White "Wang, Chen"]
[Black "Meenakshi, Subbaraman"]
[Result "1-0"]
[WhiteTitle "IM"]
[BlackTitle "WGM"]
[WhiteElo "2500"]
[BlackElo "2215"]
[WhiteFideId "8601020"]
[BlackFideId "5004381"]
[EventDate "2015.03.16"]

1. e4 d6 2. d4 Nf6 3. Nc3 Nbd7 4. Be3 e5 5. f3 Be7 6. Qd2 c6 7. Nge2 Qc7 8. g4
h6 9. a4 exd4 10. Nxd4 Ne5 11. Be2 a6 12. h3 c5 13. Nf5 Bxf5 14. gxf5 O-O-O 15.
O-O-O Kb8 16. Rhg1 Bf8 17. Kb1 Nc6 18. Bf2 Nb4 19. Bc4 Qd7 20. Bh4 Ka7 21. Qf2
Qc7 22. Qh2 Rd7 23. Bg3 Nc6 24. Qf2 Nd4 25. Bh4 Ne8 26. Nd5 Qc6 27. a5 f6 28.
Nb6 Re7 29. c3 Nb5 30. Bg3 Re5 31. Bd5 Qc7 32. c4 Nd4 33. Rxd4 cxd4 34. b4 g5
35. Qxd4 Kb8 36. Bf2 Qd8 37. Na4 Rxd5 38. Qa7+ 1-0

[Event "2nd Kolkata GM Open 2015"]
[Site "Kolkata IND"]
[Date "2015.03.16"]
[Round "1.16"]
[White "Singh, S. Vikramjit"]
[Black "Rahman, Ziaur"]
[Result "1/2-1/2"]
[BlackTitle "GM"]
[WhiteElo "2211"]
[BlackElo "2496"]
[WhiteFideId "5006090"]
[BlackFideId "10200037"]
[EventDate "2015.03.16"]

1. d4 d5 2. c4 e6 3. Nf3 Nf6 4. g3 Be7 5. Bg2 O-O 6. Nbd2 b6 7. O-O Bb7 8. b3
Na6 9. Bb2 Rc8 10. Rc1 c5 11. a3 Ne4 12. dxc5 Nxd2 13. Nxd2 bxc5 14. e3 Bf6 15.
Bxf6 Qxf6 16. cxd5 exd5 17. Qc2 Rb8 18. Rfd1 Rfd8 19. Nb1 1/2-1/2

[Event "2nd Kolkata GM Open 2015"]
[Site "Kolkata IND"]
[Date "2015.03.16"]
[Round "1.17"]
[White "Shyam, Sundar M."]
[Black "Aradhya, Garg"]
[Result "1-0"]
[WhiteTitle "GM"]
[WhiteElo "2491"]
[BlackElo "2208"]
[WhiteFideId "5019141"]
[BlackFideId "25006746"]
[EventDate "2015.03.16"]

1. c4 c6 2. e4 d5 3. exd5 cxd5 4. cxd5 Nf6 5. Nc3 Nxd5 6. Nf3 e6 7. Bc4 Be7 8.
O-O O-O 9. Re1 Nc6 10. d4 Nxc3 11. bxc3 b6 12. Qe2 Bb7 13. Bd3 Qd7 14. Ng5 g6
15. Qg4 Qd5 16. Be4 Qa5 17. Qh4 h5 18. Qg3 Bxg5 19. Bxg5 Kg7 20. Qf4 Qxc3 21.
Bf6+ Kh7 22. Qg5 Qa5 23. d5 1-0

[Event "2nd Kolkata GM Open 2015"]
[Site "Kolkata IND"]
[Date "2015.03.16"]
[Round "1.18"]
[White "Nandhidhaa, PV"]
[Black "Kunte, Abhijit"]
[Result "0-1"]
[BlackTitle "GM"]
[WhiteElo "2205"]
[BlackElo "2485"]
[WhiteFideId "5050847"]
[BlackFideId "5002265"]
[EventDate "2015.03.16"]

1. e4 c5 2. b3 Nc6 3. Bb2 e6 4. Nf3 a6 5. Be2 d6 6. d4 cxd4 7. Nxd4 Bd7 8. c4
Nf6 9. Nc3 Be7 10. O-O O-O 11. Kh1 Nxd4 12. Qxd4 Bc6 13. Rfd1 Qa5 14. a3 Qg5 15.
f3 Nh5 16. b4 Bf6 17. Qf2 Be5 18. b5 Be8 19. g3 f5 20. exf5 Nxg3+ 21. hxg3 Bxg3
22. Qg2 exf5 23. Nd5 f4 24. Nc7 Qh5+ 25. Kg1 Qc5+ 26. Bd4 Qxc7 27. b6 Qe7 28.
Rac1 Rf5 29. Bd3 Rh5 30. Rc2 Bd7 31. Re2 Qg5 32. Be4 Bh3 33. Bd5+ Kh8 0-1

[Event "2nd Kolkata GM Open 2015"]
[Site "Kolkata IND"]
[Date "2015.03.16"]
[Round "1.19"]
[White "Ankit, R. Rajpara"]
[Black "Srinath, Rao S.V."]
[Result "1-0"]
[WhiteTitle "GM"]
[WhiteElo "2477"]
[BlackElo "2201"]
[WhiteFideId "5023335"]
[BlackFideId "5028876"]
[EventDate "2015.03.16"]

1. d4 Nf6 2. c4 g6 3. Nf3 Bg7 4. g3 O-O 5. Bg2 d6 6. O-O Nc6 7. Nc3 a6 8. Bf4
Rb8 9. Rc1 Bd7 10. Qd2 b5 11. Nd5 e6 12. Nxf6+ Bxf6 13. d5 bxc4 14. dxc6 Rxb2
15. Qe3 Bxc6 16. Bh6 Re8 17. Qf4 Bb5 18. a4 Bxa4 19. Rxc4 Bb5 20. Rxc7 e5 21.
Qc1 Bxe2 22. Re1 Bd3 23. Nd2 Rb5 24. Be4 Bxe4 25. Nxe4 Be7 26. Qc6 f5 27. Nxd6
Bxd6 28. Qc4+ 1-0

[Event "2nd Kolkata GM Open 2015"]
[Site "Kolkata IND"]
[Date "2015.03.16"]
[Round "1.20"]
[White "Praggnanandhaa, R"]
[Black "Deepan, Chakkravarthy J."]
[Result "0-1"]
[WhiteTitle "FM"]
[BlackTitle "GM"]
[WhiteElo "2200"]
[BlackElo "2476"]
[WhiteFideId "25059530"]
[BlackFideId "5011132"]
[EventDate "2015.03.16"]

1. e4 c5 2. Nf3 a6 3. d4 cxd4 4. Nxd4 Nf6 5. Nc3 e5 6. Nb3 Bb4 7. Bg5 h6 8. Bxf6
Bxc3+ 9. bxc3 Qxf6 10. Bc4 O-O 11. O-O d6 12. Qd2 Be6 13. Na5 Nc6 14. Bxe6 Nxa5
15. Bd5 Rac8 16. Rfe1 Qe7 17. Re3 Nc4 18. Bxc4 Rxc4 19. Rd1 Rd8 20. Qe2 Qc7 21.
Rdd3 Ra4 22. Rg3 Rxa2 23. h4 Qe7 24. Qg4 g6 25. h5 g5 26. Qd1 Ra4 27. Qe2 Ra1+
28. Kh2 a5 29. Qd2 Ra4 30. Qe2 Qe6 31. Rdf3 d5 32. Qd2 Kh7 33. exd5 Rxd5 34. Rd3
Rh4+ 35. Kg1 Rb5 36. Rge3 Rb1+ 37. Re1 Rxe1+ 38. Qxe1 Kg7 39. Qd1 Rc4 40. Rd6
Qf5 41. Qd2 Qf4 42. Qe1 Qe4 43. Qd2 Ra4 44. Qd1 Ra2 45. Rd3 Qa4 0-1

[Event "2nd Kolkata GM Open 2015"]
[Site "Kolkata IND"]
[Date "2015.03.17"]
[Round "2.1"]
[White "Rathnakaran, K."]
[Black "Short, Nigel D"]
[Result "0-1"]
[WhiteTitle "IM"]
[BlackTitle "GM"]
[WhiteElo "2411"]
[BlackElo "2664"]
[WhiteFideId "5005507"]
[BlackFideId "400025"]
[EventDate "2015.03.16"]

1. e4 c5 2. Nf3 d6 3. c3 Nf6 4. Bd3 Nc6 5. Bc2 Bg4 6. h3 Bxf3 7. Qxf3 g6 8. O-O
Bg7 9. d3 b5 10. Be3 Nd7 11. Nd2 b4 12. Bb3 O-O 13. Rac1 a5 14. a4 bxa3 15. bxa3
a4 16. Ba2 Rb8 17. Qd1 Qc7 18. Rc2 e6 19. f4 Rfe8 20. Qe1 Ne7 21. Nf3 d5 22. c4
dxe4 23. dxe4 Rb7 24. Bc1 Nc6 25. e5 Nd4 26. Rd2 Nb3 27. Bxb3 axb3 28. Qe3 Qc6
29. Bb2 Reb8 30. Rfd1 h6 31. h4 Bf8 32. Rd6 Qa4 33. Nd2 Nb6 34. Qe4 Qe8 35. Rd3
Na4 36. Rb1 h5 37. Qf3 Be7 38. g3 Rb6 39. g4 hxg4 40. Qxg4 Rd8 41. Qe2 Rxd3 42.
Qxd3 Qd8 43. Qe3 Bxh4 44. Nf3 Be7 45. Kg2 Rb7 46. f5 exf5 47. e6 Nxb2 48. exf7+
Kxf7 49. Rxb2 Bf6 50. Rxb3 Rxb3 51. Qxb3 g5 52. Qe3 Qe7 53. Qd3 g4 54. Ng1 Qe6
55. Ne2 Be5 56. Qe3 Qc6+ 57. Kg1 Qd6 58. a4 f4 59. Qe4 Kf6 60. Qd5 Qxd5 61. cxd5
f3 0-1

[Event "2nd Kolkata GM Open 2015"]
[Site "Kolkata IND"]
[Date "2015.03.17"]
[Round "2.2"]
[White "Kokarev, Dmitry"]
[Black "Sriram, Jha"]
[Result "1/2-1/2"]
[WhiteTitle "GM"]
[BlackTitle "GM"]
[WhiteElo "2638"]
[BlackElo "2409"]
[WhiteFideId "4132181"]
[BlackFideId "5001668"]
[EventDate "2015.03.16"]

1. e4 e5 2. Nf3 Nc6 3. Bb5 a6 4. Ba4 Nf6 5. O-O Be7 6. Re1 b5 7. Bb3 O-O 8. a4
Bb7 9. d3 d6 10. Bd2 Nb8 11. Na3 c6 12. c4 bxa4 13. Bxa4 Nbd7 14. Bc3 Nc5 15.
Bc2 Ne6 16. d4 exd4 17. Nxd4 Nxd4 18. Qxd4 Re8 19. c5 dxc5 20. Qe3 Bf8 21. Qg3
Nh5 22. Qf3 Qg5 23. Nc4 Rad8 24. g3 Bc8 25. h4 Qh6 26. Ne5 Nf6 27. Nxc6 Bg4 28.
Qg2 Rc8 29. e5 Nd7 30. Rxa6 Re6 31. Be4 c4 32. f3 Nc5 33. Bd2 Bh3 34. Qh2 Qh5
35. Qxh3 Nxe4 36. g4 Qg6 37. Rxe4 Rexc6 38. Rxc6 Qxc6 39. Bc3 Bb4 40. Qf1 Bxc3
41. bxc3 h6 42. Qe2 Qb6+ 43. Rd4 Qb1+ 44. Kg2 Rb8 45. Rd2 Qc1 46. e6 fxe6 47.
Qxe6+ Kh8 48. Qe3 Rb2 49. Qe8+ Kh7 50. Qe4+ Kh8 51. Rxb2 Qxb2+ 52. Kg3 Qxc3 53.
g5 Qd3 54. Qxd3 cxd3 55. Kf2 hxg5 56. hxg5 Kh7 57. Ke3 Kg6 58. Kxd3 Kxg5 59. Ke4
Kf6 60. f4 g5 61. fxg5+ Kxg5 1/2-1/2

[Event "2nd Kolkata GM Open 2015"]
[Site "Kolkata IND"]
[Date "2015.03.17"]
[Round "2.3"]
[White "Satyapragyan, Swayangsu"]
[Black "Ganguly, Surya Shekhar"]
[Result "0-1"]
[WhiteTitle "IM"]
[BlackTitle "GM"]
[WhiteElo "2394"]
[BlackElo "2603"]
[WhiteFideId "5004306"]
[BlackFideId "5002150"]
[EventDate "2015.03.16"]

1. e4 c5 2. Nf3 e6 3. g3 Nc6 4. Bg2 Nf6 5. Qe2 e5 6. O-O Be7 7. Na3 O-O 8. Nc4
d6 9. c3 Re8 10. d3 h6 11. a3 Be6 12. b4 b5 13. Ne3 a5 14. bxc5 dxc5 15. Bb2 Ra7
16. Rac1 a4 17. c4 Nd4 18. Qd1 Qb8 19. cxb5 Qxb5 20. Ba1 Bb3 21. Qd2 Bf8 22.
Rfe1 Rd7 23. Nc4 Bxc4 24. dxc4 Qa6 25. Qa2 Rb7 26. Nd2 Qe6 27. Nf1 Reb8 28. Ne3
Rb3 29. Nd5 h5 30. Bxd4 cxd4 31. c5 Rc8 32. Rc4 Nd7 33. Rxa4 Nxc5 34. Rc4 Rcb8
35. Qe2 Qa6 36. Rec1 d3 37. Qe3 Qxa3 38. Qg5 Qa6 39. Rxc5 Bxc5 40. Rxc5 Rb1+ 41.
Rc1 Qa1 0-1